[Event "HUN-chT2 Toth 0809"]
[Site "Hungary"]
[Date "2009.04.19"]
[Round "11.11"]
[White "Kralik, Attila"]
[Black "Racz, Viktor Norbert"]
[Result "1-0"]
[WhiteElo "1893"]
[BlackElo "100"]
[PlyCount "49"]
[EventDate "2008.10.26"]
[EventType "team-tourn"]
[EventRounds "11"]
[EventCountry "HUN"]
[SourceTitle "EXT 2010"]
[Source "ChessBase"]
[SourceDate "2010.11.25"]
[SourceVersion "1"]
[SourceVersionDate "2010.11.25"]
[SourceQuality "1"]
[WhiteTeam "Mako II"]
[BlackTeam "Roszke"]
[WhiteTeamCountry "HUN"]
[BlackTeamCountry "HUN"]

1. d4 f5 2. c4 Nf6 3. Nc3 e6 4. g3 Nc6 5. Bg2 Bb4 6. Nf3 d5 7. Qb3 b6 8. 0-0 Qe7 9. cxd5 Na5 10. Qc2 exd5 11. a3 Bxc3 12. Qxc3 Ne4 13. Qc2 Bb7 14. Ne5 0-0-0 15. b4 Nc4 16. Nxc4 dxc4 17. Qxc4 Qf6 18. Bf4 Rd7 19. Rfd1 Rhd8 20. e3 Bd5 21. Qa6+ Kb8 22. a4 Nc3 23. Bxd5 Rxd5 24. Rdc1 Ne2+ 25. Qxe2 1-0

[Event "HUN-chT2 Toth 0809"]
[Site "Hungary"]
[Date "2008.11.02"]
[Round "2.11"]
[White "Racz, Viktor Norbert"]
[Black "Kondor, Daniel"]
[Result "0-1"]
[WhiteElo "100"]
[BlackElo "1703"]
[PlyCount "46"]
[EventDate "2008.10.26"]
[EventType "team-tourn"]
[EventRounds "11"]
[EventCountry "HUN"]
[SourceTitle "EXT 2010"]
[Source "ChessBase"]
[SourceDate "2010.11.25"]
[SourceVersion "1"]
[SourceVersionDate "2010.11.25"]
[SourceQuality "1"]
[WhiteTeam "Vasarhelyi"]
[BlackTeam "Szentes"]
[WhiteTeamCountry "HUN"]
[BlackTeamCountry "HUN"]

1. d4 d5 2. Nf3 e6 3. Nc3 Nf6 4. Bg5 Be7 5. e3 a6 6. Bd3 h6 7. Bh4 Nbd7 8. 0-0 c5 9. Be2 c4 10. b3 b5 11. a4 b4 12. Na2 c3 13. Re1 a5 14. Bd3 0-0 15. e4 dxe4 16. Bxe4 Nxe4 17. Bxe7 Qxe7 18. Rxe4 Bb7 19. Re1 Rad8 20. Nc1 Nf6 21. Ne5 Qd6 22. Ne2 Qd5 23. Nc4 Qxg2# 0-1

[Event "HUN-chT2 Toth 0809"]
[Site "Hungary"]
[Date "2008.10.26"]
[Round "1.11"]
[White "Racz, Viktor Norbert"]
[Black "Lovas, Peter"]
[Result "0-1"]
[WhiteElo "100"]
[BlackElo "1825"]
[PlyCount "36"]
[EventDate "2008.10.26"]
[EventType "team-tourn"]
[EventRounds "11"]
[EventCountry "HUN"]
[SourceTitle "EXT 2010"]
[Source "ChessBase"]
[SourceDate "2010.11.25"]
[SourceVersion "1"]
[SourceVersionDate "2010.11.25"]
[SourceQuality "1"]
[WhiteTeam "Roszke"]
[BlackTeam "Nadudvar"]
[WhiteTeamCountry "HUN"]
[BlackTeamCountry "HUN"]

1. e4 e5 2. Nf3 Nc6 3. Bc4 Be7 4. Nc3 Nf6 5. d3 d6 6. h3 0-0 7. Be3 h6 8. Qd2 Nh7 9. 0-0-0 Na5 10. Nd5 Nxc4 11. dxc4 Nf6 12. Nxe7+ Qxe7 13. Qd3 a5 14. a3 Bd7 15. Nh2 Rab8 16. b3 b5 17. Kd2 bxc4 18. Qxc4 Bb5 0-1

[Event "HUN-chT2 Toth 0809"]
[Site "Hungary"]
[Date "2008.03.08"]
[Round "9.11"]
[White "Botta, Judit"]
[Black "Racz, Viktor Norbert"]
[Result "1-0"]
[WhiteElo "1983"]
[BlackElo "100"]
[PlyCount "61"]
[EventDate "2008.10.26"]
[EventType "team-tourn"]
[EventRounds "11"]
[EventCountry "HUN"]
[SourceTitle "EXT 2010"]
[Source "ChessBase"]
[SourceDate "2010.11.25"]
[SourceVersion "1"]
[SourceVersionDate "2010.11.25"]
[SourceQuality "1"]
[WhiteTeam "Takisz"]
[BlackTeam "Roszke"]
[WhiteTeamCountry "HUN"]
[BlackTeamCountry "HUN"]

1. e4 c5 2. Bc4 Nc6 3. Qh5 e6 4. d3 Nf6 5. Qd1 d5 6. exd5 exd5 7. Bb3 Be6 8. a3 g6 9. Qe2 Nd4 10. Qd1 Bg7 11. Ne2 Nxb3 12. cxb3 0-0 13. 0-0 Qd6 14. Bf4 Qb6 15. d4 cxd4 16. Nxd4 Nh5 17. Nxe6 fxe6 18. Bc1 Rac8 19. Nd2 Bd4 20. Nf3 Bg7 21. Be3 Qc6 22. Rc1 Qd7 23. Qd2 a6 24. Bh6 Bxb2 25. Qxb2 Rfe8 26. Rxc8 Rxc8 27. Re1 Re8 28. g4 Rf8 29. Bxf8 Kxf8 30. gxh5 gxh5 31. Qh8+ 1-0